কৃষিবনায়ন: চা ও ছায়াতরু (Record no. 16758)
[ view plain ]
| 000 -LEADER | |
|---|---|
| fixed length control field | 00892nam a22002177a 4500 |
| 003 - CONTROL NUMBER IDENTIFIER | |
| control field | BD-DhSAU |
| 005 - DATE AND TIME OF LATEST TRANSACTION | |
| control field | 20230411114511.0 |
| 008 - FIXED-LENGTH DATA ELEMENTS--GENERAL INFORMATION | |
| fixed length control field | 220918b bg ||||| |||| 00| 0 eng d |
| 020 ## - INTERNATIONAL STANDARD BOOK NUMBER | |
| International Standard Book Number | 9789843517760 |
| 040 ## - CATALOGING SOURCE | |
| Original cataloging agency | BD-DhSAU |
| 082 ## - DEWEY DECIMAL CLASSIFICATION NUMBER | |
| Edition number | 22 |
| Classification number | 634.99 Sa213 |
| 100 ## - MAIN ENTRY--PERSONAL NAME | |
| Personal name | ড. মো. ছায়ফুল্লাহ, কাজী নুর ও আলম, ড. মাইনউদ্দিন আহমেদ |
| 245 ## - TITLE STATEMENT | |
| Title | কৃষিবনায়ন: চা ও ছায়াতরু |
| 260 ## - PUBLICATION, DISTRIBUTION, ETC. (IMPRINT) | |
| Place of publication, distribution, etc. | ঢাকা ; |
| Name of publisher, distributor, etc. | বাংলাদেশ কৃষি গবেষনা কাউন্সিল, |
| Date of publication, distribution, etc. | 2021, |
| 300 ## - PHYSICAL DESCRIPTION | |
| Extent | 142 পৃ। |
| Other physical details | ছবি; |
| Dimensions | ২8 সে। মি। |
| 504 ## - BIBLIOGRAPHY, ETC. NOTE | |
| Bibliography, etc | গ্রন্থপুঞ্জি আছে। |
| 590 ## - Name of Cataloguer | |
| Name of Cataloger | Nazmul |
| 650 ## - SUBJECT ADDED ENTRY--TOPICAL TERM | |
| Source of heading or term | কৃষিবনায়ন: |
| 651 ## - SUBJECT ADDED ENTRY--GEOGRAPHIC NAME | |
| Geographic name | চা ও ছায়াতরু |
| 942 ## - ADDED ENTRY ELEMENTS (KOHA) | |
| Source of classification or shelving scheme | Dewey Decimal Classification |
| Koha item type | Book |
| Withdrawn status | Lost status | Source of classification or shelving scheme | Damaged status | Not for loan | Collection code | Coded location qualifier | Home library | Branch Name | Date acquired | Coded location qualifier | Total Checkouts | Full call number | Barcode | Date last seen | Price effective from | Koha item type |
|---|---|---|---|---|---|---|---|---|---|---|---|---|---|---|---|---|
| Dewey Decimal Classification | Not For Loan | Reference | | | SAU Library | SAU Library | 11/04/2023 | | | 634.99 Sa213 | 44545 | 19/10/2023 | 11/04/2023 | Book |
